Heroic Romances of Ireland, Translated into English Prose and Verse — Volume 2 (Record no. 235007)
[ view plain ]
| 000 -LEADER | |
|---|---|
| fixed length control field | 01163cam a22002773a 4500 |
| 001 - CONTROL NUMBER | |
| control field | 5679 |
| 003 - CONTROL NUMBER IDENTIFIER | |
| control field | PGUSA |
| 005 - DATE AND TIME OF LATEST TRANSACTION | |
| control field | 20140828083123.0 |
| 008 - FIXED-LENGTH DATA ELEMENTS--GENERAL INFORMATION | |
| fixed length control field | 040501s2004||||xxu|||||s|||||000 | eng d |
| 040 ## - CATALOGING SOURCE | |
| Original cataloging agency | PGUSA |
| Language of cataloging | eng |
| 042 ## - AUTHENTICATION CODE | |
| Authentication code | dc |
| 050 #4 - LIBRARY OF CONGRESS CALL NUMBER | |
| Classification number | PB |
| 100 1# - MAIN ENTRY--PERSONAL NAME | |
| Personal name | Leahy, Arthur Herbert, |
| Dates associated with a name | 1857-1928 |
| 245 10 - TITLE STATEMENT | |
| Title | Heroic Romances of Ireland, Translated into English Prose and Verse — Volume 2 |
| Medium | [electronic resource] / |
| Statement of responsibility, etc | Arthur Herbert Leahy |
| 260 ## - PUBLICATION, DISTRIBUTION, ETC. (IMPRINT) | |
| Name of publisher, distributor, etc | Project Gutenberg, |
| Date of publication, distribution, etc | 2004 |
| 505 0# - FORMATTED CONTENTS NOTE | |
| Formatted contents note | The preludes to the raid of Cualgne: Tain bo Fraich -- The raid for Dartaid's cattle -- The raid for the cattle of Regamon -- The driving of the cattle of Flidais -- The apparition of the Great Queen to Cuchulain -- Appendix: Irish text and literal translation of part of The courtship of Etain. |
| 506 ## - RESTRICTIONS ON ACCESS NOTE | |
| Terms governing access | Public domain in the USA. |
| 516 ## - TYPE OF COMPUTER FILE OR DATA NOTE | |
| Type of computer file or data note | Electronic text |
| 653 ## - INDEX TERM--UNCONTROLLED | |
| Uncontrolled term | Heroes -- Ireland -- Legends |
| 653 ## - INDEX TERM--UNCONTROLLED | |
| Uncontrolled term | Epic literature, Irish -- Translations into English |
| 653 ## - INDEX TERM--UNCONTROLLED | |
| Uncontrolled term | Mythology, Celtic -- Ireland |
| 653 ## - INDEX TERM--UNCONTROLLED | |
| Uncontrolled term | Tales -- Ireland |
| 830 #0 - SERIES ADDED ENTRY--UNIFORM TITLE | |
| Uniform title | Project Gutenberg |
| Volume number/sequential designation | 5679 |
| 856 40 - ELECTRONIC LOCATION AND ACCESS | |
| Uniform Resource Identifier | <a href="http://www.gutenberg.org/ebooks/5679">http://www.gutenberg.org/ebooks/5679</a> |
| 942 ## - ADDED ENTRY ELEMENTS (KOHA) | |
| Koha item type | eBooks |
| Withdrawn status | Lost status | Damaged status | Home library | Current library | Date acquired | Total Checkouts | Date last seen | Price effective from | Koha item type |
|---|---|---|---|---|---|---|---|---|---|
| Project Gutenberg | Project Gutenberg | 08/28/2014 | 08/28/2014 | 08/28/2014 | eBooks |